000 00370nam a2200133Ia 4500
008 240624s9999 xx 000 0 und d
041 _aeng
082 _a332 ALE
100 _aALESINA ALBERTO
245 _aFISCAL POLICY AFTER THE FINANCIAL CRISIS
260 _c2013
_aLondon
_bThe University of Chicago Press
300 _aix, : 585 : p.: : 23 : cm : .
365 _c
_b26
999 _c22967
_d22967